000
00387nam a2200145Ia 4500
008
100122s9999 xx 000 0 und d
082
_b
4639
_a
823
100
_a
पत्की वि वा
245
_a
आंधळा न्याय
260
_c
1924
300
_a
50
630
_a
आंधळा न्याय
730
_a
आंधळा न्याय
942
_c
BOOK
999
_c
398155
_d
398152